000 00513nam a2200169Ia 4500
003 IN-BaIIA
008 211028s9999 xx 000 0 eng d
020 _a81-7986-060-4
040 _cIIA Library
080 _a501
_bABB
100 _aAbbas, Afsar
_929864
245 0 _aPhilosophy of science
_ba new perspective
_cAfsar Abbas
260 _aShimla
_bIndian Institute of Advanced Study
_c2005
300 _a96p.
650 _aScience-Philosophy
_910087
942 _cBK
999 _c16141
_d16141